| 000 | 00518nam a2200133 a 4500 | ||
|---|---|---|---|
| 008 | 070928s1998 ||||||||||||||||| || u | ||
| 050 | _aHC 915 Zam | ||
| 245 | 0 | 0 |
_aZambia: a review of commerce, indusrty and tourism _cedited by Townsend, Fitz |
| 260 |
_aLusaka _bDirectory Publishers of Zambia _c1998 |
||
| 300 | _a120p.:ill. | ||
| 350 | _a0.00 | ||
| 650 | _aZAMBIA | ||
| 995 |
_D0.00 _FCBU-MAIN LIBRARY (Kitwe) _H1 _I0.00 _M1 _UAVAILABLE _WSep 28, 2007 _ZZambiana Collection |
||
| 999 |
_c62339 _d62339 |
||